书目信息 |
| 题名: |
Oracle专家高级编程
|
|
| 作者: | Thomas Kyte 著 ;袁勤勇 译 | |
| 分册: | ||
| 出版信息: | 北京 清华大学出版社 2002.04 |
|
| 页数: | 1239页 | |
| 开本: | 26cm | |
| 丛书名: | ||
| 单 册: | ||
| 中图分类: | TP313 | |
| 科图分类: | ||
| 主题词: | 数据库管理系统--Oracle--编程 | |
| 电子资源: | ||
| ISBN: | 7-302-05334-0 | |
| 000 | 00727nam0 2200229 45 | |
| 001 | 012004015905 | |
| 005 | 20040831092846.0 | |
| 010 | @a7-302-05334-0@dCNY138.00 | |
| 100 | @a20041109d2002 ekmy0chiy50 ea | |
| 101 | 1 | @achi@ceng |
| 102 | @aCN@b110000 | |
| 105 | @aaf z 000yy | |
| 200 | 1 | @aOracle专家高级编程@AOracle zhuan jia gao ji bian cheng@f(美)Thomas Kyte著@F(mei)Thomas Kyte zhu@g袁勤勇等译@Gyuan qin yong deng yi |
| 210 | @a北京@c清华大学出版社@d2002.04 | |
| 215 | @a1239页@c插图@d26cm | |
| 606 | 0 | @a数据库管理系统@xOracle@x编程 |
| 690 | @aTP313@v4 | |
| 701 | 0 | @aThomas Kyte@4著 |
| 702 | 0 | @a袁勤勇@Ayuan qin yong@4译 |
| 801 | 0 | @aCN@bBZT@c20041109 |
| 905 | @aBZT@dTP313@e1@f2 | |
| 906 | @dCNY138.00@n0@r1 | |
| Oracle专家高级编程/(美)Thomas Kyte著/袁勤勇等译.-北京:清华大学出版社,2002.04 |
| 1239页:插图;26cm |
| ISBN 7-302-05334-0:CNY138.00 |
| ● |
| 相关链接 |
|
|
|
正题名:Oracle专家高级编程
索取号:TP313/1
 
预约/预借
| 序号 | 登录号 | 条形码 | 馆藏地/架位号 | 状态 | 备注 |
| 1 | 0373028 | 200924688 | 教材工具书阅览室/工001架A面5层3列/ [索取号:TP313/1] | 在馆 | |
| 2 | 0373029 | 200924697 | 样本书库/样008架B面1层2列/ [索取号:TP313/1] | 在馆 |